| 000 | 00348nam a2200133Ia 4500 | ||
|---|---|---|---|
| 008 | 240624s9999 xx 000 0 und d | ||
| 041 | _aeng | ||
| 082 | _a658.8 WAR | ||
| 100 | _aWARKENTIN MERRILL | ||
| 245 | _aBUSINESS TO BUSINESS ELECTRONIC COMMERCE | ||
| 260 |
_c2002 _aLondon _bIRM Press |
||
| 300 | _avi, : 293 : p. : cm. ; 25 | ||
| 365 |
_c _b30 |
||
| 999 |
_c16288 _d16288 |
||